[Event "XLV Open Internacional Barbera del Valles 2023"]
[Site "Barberà del Vallès"]
[Date "2023.07.07"]
[Round "4.1"]
[White "Alsina Leal, Daniel"]
[Black "Narciso Dublan, Marc"]
[Result "1-0"]
[BlackElo "2424"]
[WhiteElo "2519"]
[LiveChessVersion "1.4.8"]

1. e4 e6 {[%clk 1:31:07]} 2. d4 {[%clk 1:31:20]} d5 3. e5 {[%clk 1:31:38]} c5
{[%clk 1:31:21]} 4. c3 {[%clk 1:32:24]} Nc6 {[%clk 1:31:26]} 5. Nf3
{[%clk 1:32:18]} Nge7 {[%clk 1:31:32]} 6. Na3 {[%clk 1:32:02]} Nf5
{[%clk 1:31:36]} 7. Nc2 Be7 {[%clk 1:31:51]} 8. Bd3 {[%clk 1:30:51]} c4
{[%clk 1:31:56]} 9. Be2 {[%clk 1:30:29]} b5 {[%clk 1:32:07]} 10. O-O
{[%clk 1:30:19]} O-O {[%clk 1:22:57]} 11. g3 {[%clk 1:27:34]} b4 {[%clk 1:17:40]}
12. Kh1 {[%clk 1:26:50]} a5 {[%clk 1:10:19]} 13. Rg1 Kh8 {[%clk 1:10:33]} 14. g4
{[%clk 1:21:24]} Nh6 {[%clk 1:05:55]} 15. Qf1 {[%clk 1:07:14]} a4
{[%clk 0:56:39]} 16. a3 {[%clk 1:07:34]} bxc3 {[%clk 0:46:46]} 17. bxc3
{[%clk 1:06:51]} Bd7 {[%clk 0:36:48]} 18. Qh3 {[%clk 0:49:26]} Na5
{[%clk 0:22:37]} 19. Be3 Rb8 {[%clk 0:22:54]} 20. Nb4 {[%clk 0:47:14]} Nb3
{[%clk 0:19:29]} 21. Ra2 {[%clk 0:40:31]} Be8 {[%clk 0:07:35]} 22. Bd1
{[%clk 0:38:50]} Rb7 {[%clk 0:06:22]} 23. Bc2 {[%clk 0:19:16]} f5
{[%clk 0:06:45]} 24. exf6 Rxf6 {[%clk 0:07:06]} 25. g5 {[%clk 0:14:49]} Rxf3
{[%clk 0:07:23]} 26. Qxf3 {[%clk 0:15:01]} Nf5 {[%clk 0:07:36]} 27. Bxf5
{[%clk 0:14:45]} exf5 {[%clk 0:05:52]} 28. Bf4 {[%clk 0:14:56]} Bxb4
{[%clk 0:06:06]} 29. axb4 {[%clk 0:10:16]} Re7 {[%clk 0:03:59]} 30. g6
{[%clk 0:07:51]} Re4 {[%clk 0:02:54]} 31. Qh5 {[%clk 0:07:48]} Bxg6
{[%clk 0:02:05]} 32. Rxg6 {[%clk 0:04:25]} Qe8 {[%clk 0:02:06]} 33. Rg5
{[%clk 0:04:50]} Re1+ {[%clk 0:02:24]} 34. Kg2 {[%clk 0:03:41]} Qe4+
{[%clk 0:00:36]} 35. f3 {[%clk 0:02:12]} Qb1 36. Qf7 Qxa2+ 37. Kh3 1-0

[Event "XLV Open Internacional Barbera del Valles 2023"]
[Site "Barberà del Vallès"]
[Date "2023.07.07"]
[Round "4.2"]
[White "Macovei, Andrei"]
[Black "Grigoryan, Karen H."]
[Result "0-1"]
[BlackElo "2621"]
[WhiteElo "2436"]
[LiveChessVersion "1.4.8"]

1. e4 {[%clk 1:30:56]} c5 {[%clk 1:28:06]} 2. Nf3 {[%clk 1:31:20]} e6
{[%clk 1:28:14]} 3. d4 {[%clk 1:30:43]} cxd4 {[%clk 1:28:36]} 4. Nxd4
{[%clk 1:31:09]} Nc6 {[%clk 1:28:14]} 5. Nc3 {[%clk 1:31:11]} Qc7
{[%clk 1:27:47]} 6. Be3 {[%clk 1:30:38]} a6 {[%clk 1:26:50]} 7. a3
{[%clk 1:23:32]} Nf6 {[%clk 1:26:54]} 8. f4 {[%clk 1:23:42]} d6 {[%clk 1:27:14]}
9. Qf3 {[%clk 1:22:47]} Be7 {[%clk 1:23:02]} 10. O-O-O {[%clk 1:20:43]} h5
{[%clk 1:21:29]} 11. h3 {[%clk 1:11:30]} h4 {[%clk 1:21:27]} 12. g4
{[%clk 1:02:26]} hxg3 {[%clk 1:21:45]} 13. Qxg3 {[%clk 1:02:44]} g6
{[%clk 1:20:23]} 14. Bg2 {[%clk 0:54:50]} Na5 {[%clk 1:13:16]} 15. Kb1
{[%clk 0:54:09]} Bd7 {[%clk 1:12:30]} 16. Bc1 {[%clk 0:48:33]} Rc8
{[%clk 1:12:22]} 17. Nde2 {[%clk 0:43:07]} b5 {[%clk 0:55:52]} 18. Rhf1
{[%clk 0:35:49]} Nc4 {[%clk 0:52:59]} 19. b3 {[%clk 0:34:08]} Nb6
{[%clk 0:53:09]} 20. Qd3 {[%clk 0:33:40]} Rh5 {[%clk 0:31:22]} 21. Bb2
{[%clk 0:20:50]} Rc5 {[%clk 0:27:55]} 22. Rc1 {[%clk 0:20:21]} a5
{[%clk 0:25:00]} 23. Na2 {[%clk 0:19:08]} d5 {[%clk 0:23:34]} 24. e5
{[%clk 0:19:17]} Ne4 {[%clk 0:21:58]} 25. Nd4 {[%clk 0:19:42]} Nc4
{[%clk 0:20:49]} 26. b4 {[%clk 0:09:22]} Nxb2 {[%clk 0:16:09]} 27. Kxb2
{[%clk 0:09:33]} Rc4 {[%clk 0:16:27]} 28. c3 {[%clk 0:09:36]} axb4
{[%clk 0:16:28]} 29. axb4 {[%clk 0:09:34]} Ra8 {[%clk 0:15:56]} 30. Bxe4
{[%clk 0:08:20]} Qa7 {[%clk 0:15:51]} 31. Ra1 {[%clk 0:08:25]} dxe4
{[%clk 0:15:59]} 32. Qxe4 {[%clk 0:08:22]} Qa3+ {[%clk 0:14:49]} 33. Kc2
{[%clk 0:08:30]} Bxb4 {[%clk 0:12:48]} 34. Qxa8+ {[%clk 0:06:56]} Qxa8
{[%clk 0:13:09]} 35. Nxb4 {[%clk 0:07:24]} Qe4+ {[%clk 0:13:00]} 36. Kb3
{[%clk 0:06:19]} Qe3 {[%clk 0:12:58]} 37. Rac1 {[%clk 0:05:45]} Rxd4
{[%clk 0:07:32]} 38. Nc2 {[%clk 0:05:29]} Qd3 {[%clk 0:07:49]} 39. Nxd4
{[%clk 0:05:50]} Qc4+ {[%clk 0:08:13]} 40. Kb2 {[%clk 0:05:33]} b4
{[%clk 0:08:36]} 41. Rfd1 {[%clk 0:05:13]} Ba4 {[%clk 0:08:49]} 42. Rd2
{[%clk 0:05:25]} bxc3+ {[%clk 0:07:35]} 43. Rxc3 {[%clk 0:05:52]} Qb4+
{[%clk 0:07:59]} 44. Nb3 {[%clk 0:03:50]} Bxb3 {[%clk 0:08:07]} 0-1

[Event "XLV Open Internacional Barbera del Valles 2023"]
[Site "Barberà del Vallès"]
[Date "2023.07.07"]
[Round "4.3"]
[White "Stremavicius, Titas"]
[Black "Kaustuv, Kundu"]
[Result "1-0"]
[BlackElo "2266"]
[WhiteElo "2549"]
[LiveChessVersion "1.4.8"]

1. d4 {[%clk 1:30:57]} d5 {[%clk 1:30:42]} 2. Nf3 {[%clk 1:31:18]} Nf6
{[%clk 1:30:51]} 3. g3 {[%clk 1:31:40]} Bf5 {[%clk 1:31:07]} 4. Bg2
{[%clk 1:31:42]} c6 {[%clk 1:31:16]} 5. c4 {[%clk 1:31:41]} h6 {[%clk 1:31:10]}
6. Nc3 {[%clk 1:31:38]} e6 {[%clk 1:31:33]} 7. Qb3 {[%clk 1:32:02]} Qb6
{[%clk 1:31:58]} 8. c5 {[%clk 1:32:28]} Qxb3 {[%clk 1:32:22]} 9. axb3
{[%clk 1:32:55]} Be7 {[%clk 1:28:32]} 10. h3 {[%clk 1:31:43]} Bh7
{[%clk 1:22:21]} 11. Bf4 {[%clk 1:30:39]} O-O {[%clk 1:22:01]} 12. g4
{[%clk 1:30:29]} Ne4 13. Nd2 {[%clk 1:25:40]} Nxd2 {[%clk 1:21:18]} 14. Kxd2
{[%clk 1:25:49]} Nd7 15. b4 {[%clk 1:22:27]} Bf6 {[%clk 1:14:09]} 16. Bd6
{[%clk 1:21:55]} Rfe8 {[%clk 1:14:20]} 17. e3 {[%clk 1:21:16]} e5
{[%clk 1:13:44]} 18. Ne2 {[%clk 1:09:02]} exd4 {[%clk 1:06:06]} 19. exd4 a6
{[%clk 0:56:58]} 20. Ra3 {[%clk 1:05:12]} Re6 {[%clk 0:49:45]} 21. Re3
{[%clk 0:54:18]} Rae8 {[%clk 0:41:19]} 22. Ra1 {[%clk 0:51:42]} Be4 23. f3 Bh7
{[%clk 0:35:52]} 24. Rxe6 {[%clk 0:51:37]} fxe6 {[%clk 0:36:02]} 25. f4
{[%clk 0:51:49]} g5 26. b5 cxb5 {[%clk 0:34:36]} 27. f5 {[%clk 0:41:44]} Be7
{[%clk 0:27:05]} 28. fxe6 {[%clk 0:38:49]} Nf6 {[%clk 0:25:26]} 29. Be5
{[%clk 0:37:58]} Be4 {[%clk 0:22:51]} 30. Bf1 {[%clk 0:37:48]} Bg6 31. Bxf6
{[%clk 0:27:36]} Bxf6 {[%clk 0:23:07]} 32. Bg2 Kg7 {[%clk 0:17:52]} 33. Bxd5
{[%clk 0:27:47]} Bxd4 {[%clk 0:18:13]} 34. Nxd4 {[%clk 0:27:57]} Rd8
{[%clk 0:18:39]} 35. Bxb7 {[%clk 0:26:15]} Rxd4+ 36. Ke3 {[%clk 0:24:20]} Rd3+
{[%clk 0:14:38]} 37. Ke2 {[%clk 0:24:30]} Rxh3 {[%clk 0:13:29]} 38. Rc1
{[%clk 0:19:51]} Kf6 39. Bg2 {[%clk 0:20:12]} Rh2 {[%clk 0:04:34]} 40. Kf1 Be8
{[%clk 0:03:43]} 41. c6 {[%clk 0:20:31]} Kxe6 {[%clk 0:03:49]} 42. c7
{[%clk 0:17:57]} Bd7 {[%clk 0:04:15]} 43. c8=Q {[%clk 0:18:04]} Bxc8
{[%clk 0:04:38]} 44. Rxc8 {[%clk 0:18:31]} Ke5 {[%clk 0:04:12]} 45. Rc6
{[%clk 0:12:32]} Kf4 {[%clk 0:02:23]} 46. Rxa6 {[%clk 0:12:19]} Kxg4
{[%clk 0:02:15]} 47. Ra3 Rh4 {[%clk 0:00:53]} 48. Rb3 {[%clk 0:13:07]} Kh5
{[%clk 0:01:11]} 49. Bf3+ {[%clk 0:12:19]} Kg6 {[%clk 0:01:18]} 50. Rxb5 Rf4
{[%clk 0:01:33]} 51. Kg2 {[%clk 0:13:02]} Rd4 {[%clk 0:01:43]} 52. Kg3
{[%clk 0:12:59]} Rd2 {[%clk 0:02:21]} 53. Rb6+ {[%clk 0:12:54]} Kf5 54. Rb5+
{[%clk 0:12:18]} Kg6 {[%clk 0:02:44]} 55. Rb8 Rd3 {[%clk 0:02:18]} 56. Kf2
{[%clk 0:11:41]} Kf5 {[%clk 0:02:36]} 57. Rb5+ {[%clk 0:11:45]} Kf4
{[%clk 0:02:57]} 58. Rb4+ {[%clk 0:12:11]} Ke5 {[%clk 0:03:23]} 59. Ke2
{[%clk 0:12:31]} Rd6 {[%clk 0:03:42]} 60. Ke3 {[%clk 0:12:51]} 1-0

[Event "XLV Open Internacional Barbera del Valles 2023"]
[Site "Barberà del Vallès"]
[Date "2023.07.07"]
[Round "4.4"]
[White "Arenas, David"]
[Black "Solodovnichenko, Yuri"]
[Result "1/2-1/2"]
[BlackElo "2520"]
[WhiteElo "2418"]
[LiveChessVersion "1.4.8"]

1. e4 c5 2. Nf3 d6 3. d4 Nf6 4. Nc3 cxd4 5. Nxd4 Nc6 6. Bg5 e6 7. Qd3 Be7 8.
O-O-O Nxd4 9. Qxd4 a6 10. Kb1 O-O 11. Bxf6 Bxf6 12. Qxd6 Qa5 13. Qg3 b6 14. f4
Bxc3 15. Qxc3 Qxc3 16. bxc3 Bb7 17. Rd4 e5 18. fxe5 Rae8 19. Bc4 Rxe5 20. Rf1
Rxe4 21. Rxf7 Rxd4 22. Rxf8+ Kxf8 23. cxd4 Ke7 24. g3 h6 25. Bd3 Kd6 26. c3 g5
27. Kc2 a5 28. Kd2 Bd5 29. c4 Bf7 30. a3 Be6 31. Ke3 Bf7 32. h4 Be8 33. Bh7 Bf7
34. Kd3 Bh5 35. Bg8 Bf3 36. Ke3 Bg2 37. Bh7 Bf1 38. Bd3 Bg2 39. Be2 Bb7 40. hxg5
hxg5 41. Bd1 Ba6 42. Kd3 Bb7 43. Ba4 Bg2 44. Kc3 Bf3 45. Be8 Be2 46. Bb5 Bf3 47.
Kd3 Bg2 48. Ke3 Bh1 49. Ba4 Bg2 50. Bd1 Bh1 51. Ba4 Bg2 52. Bd1 Bf1 53. c5+ bxc5
54. dxc5+ Kxc5 55. Ke4 Bb5 56. Kf5 Kd4 57. Kxg5 a4 58. g4 Kc3 59. Kf6 Kb2 60. g5
Kxa3 61. g6 Kb4 62. g7 Bc4 63. Bxa4 Kxa4 64. g8=Q Bxg8 1/2-1/2

[Event "XLV Open Internacional Barbera del Valles 2023"]
[Site "Barberà del Vallès"]
[Date "2023.07.07"]
[Round "4.5"]
[White "Valenzuela Gomez, Fernando"]
[Black "Berdayes Ason, Dylan Isidro"]
[Result "1/2-1/2"]
[BlackElo "2509"]
[WhiteElo "2403"]
[LiveChessVersion "1.4.8"]

1. e4 {[%clk 1:05:20]} e5 {[%clk 1:30:58]} 2. Nf3 {[%clk 1:05:36]} Nc6
{[%clk 1:31:26]} 3. Bb5 {[%clk 1:05:46]} a6 {[%clk 1:31:54]} 4. Ba4
{[%clk 1:06:15]} Nf6 {[%clk 1:32:22]} 5. O-O {[%clk 1:06:18]} b5 {[%clk 1:32:49]}
6. Bb3 {[%clk 1:06:40]} Bc5 {[%clk 1:33:17]} 7. a4 {[%clk 1:06:19]} Rb8
{[%clk 1:33:44]} 8. d3 {[%clk 1:02:00]} d6 9. Be3 {[%clk 0:59:52]} O-O
{[%clk 1:32:19]} 10. axb5 {[%clk 0:59:14]} axb5 11. Nc3 {[%clk 0:56:45]} Bxe3
{[%clk 1:27:08]} 12. fxe3 Ne7 13. Ne2 {[%clk 0:46:53]} c5 {[%clk 1:23:16]} 14.
Ng3 {[%clk 0:40:32]} Qc7 15. Nd2 {[%clk 0:40:22]} Bg4 {[%clk 1:20:04]} 16. Qe1
Ra8 {[%clk 1:15:27]} 17. h3 {[%clk 0:34:48]} Be6 {[%clk 1:15:53]} 18. Bxe6
{[%clk 0:32:17]} fxe6 19. Nf3 {[%clk 0:29:41]} b4 {[%clk 1:04:41]} 20. Qe2 Ng6
{[%clk 0:47:06]} 21. Rxa8 {[%clk 0:27:29]} Rxa8 {[%clk 0:42:15]} 22. Ng5 Qe7
{[%clk 0:39:17]} 23. Nh5 {[%clk 0:23:19]} Ra2 {[%clk 0:39:16]} 24. b3
{[%clk 0:20:01]} h6 {[%clk 0:39:45]} 25. Nxf6+ {[%clk 0:20:01]} gxf6
{[%clk 0:40:11]} 26. Nf3 {[%clk 0:18:17]} f5 {[%clk 0:30:56]} 27. Nd2
{[%clk 0:14:38]} f4 {[%clk 0:31:04]} 28. Qg4 {[%clk 0:13:09]} Kh7 29. exf4 Nxf4
{[%clk 0:26:04]} 30. g3 {[%clk 0:11:07]} Rxc2 {[%clk 0:22:02]} 31. gxf4
{[%clk 0:10:11]} Rxd2 {[%clk 0:22:30]} 32. f5 exf5 {[%clk 0:21:12]} 33. Qxf5+
{[%clk 0:09:28]} Kh8 {[%clk 0:21:21]} 34. Qc8+ {[%clk 0:07:12]} Kh7 35. Qf5+
{[%clk 0:04:09]} Kh8 {[%clk 0:21:50]} 36. Kh1 {[%clk 0:04:19]} Ra2
{[%clk 0:20:21]} 37. Qc8+ {[%clk 0:04:12]} Kh7 {[%clk 0:20:39]} 38. Qf5+
{[%clk 0:04:11]} Kh8 {[%clk 0:21:08]} 39. Qc8+ {[%clk 0:01:18]} Kh7 40. Qf5+
{[%clk 0:00:57]} 1/2-1/2

[Event "XLV Open Internacional Barbera del Valles 2023"]
[Site "Barberà del Vallès"]
[Date "2023.07.07"]
[Round "4.6"]
[White "Dotzer, Lukas"]
[Black "Kovchan, Alexander"]
[Result "1-0"]
[BlackElo "2468"]
[WhiteElo "2369"]
[LiveChessVersion "1.4.8"]

1. e4 c5 2. Nf3 d6 3. d4 cxd4 4. Nxd4 Nf6 5. Nc3 a6 6. Bg5 e6 7. f4 h6 8. Bh4 Qb6
9. a3 Nc6 10. Bf2 Qc7 11. Qf3 e5 12. Nxc6 bxc6 13. fxe5 Ng4 14. O-O-O Nxe5 15.
Qg3 Be6 16. Ne2 g6 17. Nd4 Bg4 18. Nf3 h5 19. Be3 Bg7 20. h3 h4 21. Qf2 Rb8 22.
Bd4 Bxf3 23. gxf3 c5 24. Bc3 O-O 25. Rg1 Rfe8 26. f4 Nd7 27. e5 dxe5 28. f5 Nf8
29. fxg6 Nxg6 30. Bc4 Rb6 31. Ba5 Nf4 32. Bxb6 Qxb6 33. Bxf7+ Kxf7 34. Rd7+ Kf8
35. Rgxg7 Re6 36. Rdf7+ Ke8 37. Rb7 1-0

[Event "XLV Open Internacional Barbera del Valles 2023"]
[Site "Barberà del Vallès"]
[Date "2023.07.07"]
[Round "4.7"]
[White "Cordoba Roa, Angel Gabriel"]
[Black "Janzelj, Tim"]
[Result "0-1"]
[BlackElo "2453"]
[WhiteElo "2339"]
[LiveChessVersion "1.4.8"]

1. e4 e6 2. d4 d5 3. Nc3 Nf6 4. e5 Nfd7 5. f4 c5 6. Nf3 Nc6 7. Be3 cxd4 8. Nxd4
Qb6 9. Ncb5 a6 10. Nf5 Bc5 11. Nbd6+ Kd8 12. Nxf7+ Kc7 13. Bxc5 Nxc5 14. Bd3 exf5
15. Nxh8 Be6 16. Nf7 Nxd3+ 17. Qxd3 Qb4+ 18. c3 Qxf4 19. g3 Qg4 20. Nd6 Nxe5 21.
Qe3 Kxd6 22. O-O Nc4 23. Qc1 Qe2 24. Rf2 Qe3 25. Qd1 Nxb2 0-1

[Event "XLV Open Internacional Barbera del Valles 2023"]
[Site "Barberà del Vallès"]
[Date "2023.07.07"]
[Round "4.8"]
[White "Ayats Llobera, Gerard"]
[Black "Fernandez Borrego, Pablo"]
[Result "1-0"]
[BlackElo "2402"]
[WhiteElo "2452"]
[LiveChessVersion "1.4.8"]

1. d4 {[%clk 1:30:59]} e6 {[%clk 1:26:57]} 2. Nf3 {[%clk 1:29:59]} Nf6
{[%clk 1:27:17]} 3. c4 {[%clk 1:30:24]} d5 {[%clk 1:27:14]} 4. g3
{[%clk 1:30:50]} dxc4 {[%clk 1:26:41]} 5. Bg2 {[%clk 1:30:56]} b5
{[%clk 1:20:57]} 6. Ne5 {[%clk 1:28:28]} Bb4+ {[%clk 1:14:16]} 7. Bd2
{[%clk 1:21:45]} Bxd2+ {[%clk 1:14:25]} 8. Qxd2 {[%clk 1:22:03]} Nd5
{[%clk 1:12:53]} 9. a4 {[%clk 1:22:08]} f6 {[%clk 1:06:47]} 10. Ng4
{[%clk 1:18:40]} Bb7 {[%clk 0:47:12]} 11. axb5 {[%clk 1:17:06]} a6
{[%clk 0:46:13]} 12. Nc3 {[%clk 1:10:46]} axb5 {[%clk 0:45:20]} 13. Rxa8
{[%clk 1:11:01]} Bxa8 {[%clk 0:45:48]} 14. Nxb5 {[%clk 1:11:08]} Nd7
{[%clk 0:36:11]} 15. O-O {[%clk 1:06:26]} Qb8 {[%clk 0:31:45]} 16. Qa5
{[%clk 1:02:55]} c6 {[%clk 0:21:36]} 17. Nd6+ {[%clk 0:55:51]} Qxd6
{[%clk 0:19:51]} 18. Qxa8+ {[%clk 0:56:02]} Nb8 {[%clk 0:19:51]} 19. e4
{[%clk 0:55:01]} Nb6 {[%clk 0:18:12]} 20. Qa7 {[%clk 0:46:49]} N8d7
{[%clk 0:17:57]} 21. e5 {[%clk 0:41:49]} Qb8 {[%clk 0:17:01]} 22. Qxb8+
{[%clk 0:41:23]} Nxb8 {[%clk 0:17:30]} 23. exf6 {[%clk 0:41:51]} gxf6
{[%clk 0:17:57]} 24. Nxf6+ {[%clk 0:42:09]} Ke7 {[%clk 0:18:04]} 25. Ng4
{[%clk 0:35:01]} Rd8 {[%clk 0:17:59]} 26. Ne3 {[%clk 0:31:35]} Rxd4
{[%clk 0:18:18]} 27. Rc1 {[%clk 0:32:02]} Kd6 {[%clk 0:13:03]} 28. Bf1
{[%clk 0:32:03]} Rd2 {[%clk 0:13:01]} 29. Rxc4 {[%clk 0:29:15]} Rxb2
{[%clk 0:13:28]} 30. Rh4 {[%clk 0:26:17]} N8d7 {[%clk 0:13:21]} 31. Rxh7
{[%clk 0:26:39]} Ne5 {[%clk 0:11:58]} 32. Kg2 {[%clk 0:20:33]} Nd5
{[%clk 0:12:17]} 33. Nxd5 {[%clk 0:14:36]} exd5 {[%clk 0:12:45]} 34. h4
{[%clk 0:13:21]} d4 {[%clk 0:12:34]} 35. h5 {[%clk 0:12:26]} Ng4 {[%clk 0:06:25]}
36. Rf7 {[%clk 0:12:20]} Ke5 {[%clk 0:06:29]} 37. Be2 {[%clk 0:08:51]} Ne3+
{[%clk 0:04:53]} 38. fxe3 {[%clk 0:02:32]} Rxe2+ {[%clk 0:05:19]} 39. Rf2
{[%clk 0:02:59]} Rxe3 {[%clk 0:05:06]} 40. h6 {[%clk 0:03:26]} Ra3
{[%clk 0:05:02]} 41. g4 {[%clk 0:02:37]} d3 {[%clk 0:02:55]} 42. g5
{[%clk 0:01:57]} d2 {[%clk 0:02:58]} 43. Rxd2 {[%clk 0:02:10]} Kf5
{[%clk 0:03:25]} 44. Rd8 {[%clk 0:01:53]} Kg6 {[%clk 0:01:49]} 45. Rg8+
{[%clk 0:02:17]} Kh7 {[%clk 0:01:49]} 46. Rg7+ {[%clk 0:02:46]} Kh8
{[%clk 0:02:18]} 47. g6 {[%clk 0:03:08]} Ra5 {[%clk 0:02:29]} 48. Kf3
{[%clk 0:03:14]} Rg5 {[%clk 0:01:20]} 49. Kf4 {[%clk 0:03:38]} Rh5
{[%clk 0:01:18]} 50. Rh7+ {[%clk 0:03:53]} Kg8 {[%clk 0:01:48]} 51. Kg4
{[%clk 0:04:13]} Rh1 {[%clk 0:02:14]} 52. Rg7+ {[%clk 0:04:31]} Kf8
{[%clk 0:01:48]} 53. Rf7+ {[%clk 0:04:50]} Kg8 {[%clk 0:02:17]} 54. h7+ 1-0

[Event "XLV Open Internacional Barbera del Valles 2023"]
[Site "Barberà del Vallès"]
[Date "2023.07.07"]
[Round "4.9"]
[White "Vivaan, Vijay Saraogi"]
[Black "Flom, Gabriel"]
[Result "1-0"]
[BlackElo "2438"]
[WhiteElo "1739"]
[LiveChessVersion "1.4.8"]

1. e4 {[%clk 1:30:57]} d6 {[%clk 1:30:57]} 2. d4 {[%clk 1:31:20]} Nf6
{[%clk 1:31:24]} 3. Nc3 {[%clk 1:31:39]} e5 {[%clk 1:31:51]} 4. Nf3
{[%clk 1:30:29]} Nbd7 {[%clk 1:32:15]} 5. Bc4 {[%clk 1:29:41]} Be7
{[%clk 1:32:36]} 6. O-O {[%clk 1:27:42]} O-O {[%clk 1:33:03]} 7. h3
{[%clk 1:27:56]} c6 {[%clk 1:33:26]} 8. a4 {[%clk 1:28:01]} h6 {[%clk 1:33:53]}
9. Be3 {[%clk 1:27:10]} Re8 10. dxe5 {[%clk 1:25:18]} dxe5 {[%clk 1:32:29]} 11.
Qe2 a5 {[%clk 1:27:44]} 12. Rad1 {[%clk 1:21:07]} Qc7 13. Nh4 {[%clk 1:09:13]}
Nb6 {[%clk 1:27:20]} 14. Bb3 Bd8 {[%clk 1:15:45]} 15. f4 {[%clk 1:06:00]} Be6
{[%clk 1:16:13]} 16. fxe5 {[%clk 1:05:47]} Nfd7 17. Bxe6 {[%clk 0:59:53]} Rxe6
{[%clk 1:15:57]} 18. Qf2 Nxe5 {[%clk 1:13:40]} 19. Rxd8+ {[%clk 1:00:35]} Qxd8
{[%clk 1:13:57]} 20. Bxb6 Qe8 21. Nf5 {[%clk 0:55:17]} Rg6 {[%clk 1:14:05]} 22.
Ne2 {[%clk 0:54:47]} Nc4 {[%clk 1:13:49]} 23. Bd4 {[%clk 0:54:43]} Nd2 24. Nxg7
{[%clk 0:44:19]} Rxg7 {[%clk 1:13:13]} 25. Bxg7 {[%clk 0:44:41]} Nxf1
{[%clk 1:13:21]} 26. Bc3 {[%clk 0:43:45]} Qxe4 {[%clk 1:12:24]} 27. Qf6
{[%clk 0:43:22]} Qh7 {[%clk 1:12:51]} 28. Kxf1 {[%clk 0:43:44]} Re8
{[%clk 1:12:22]} 29. Ng3 {[%clk 0:44:06]} Kf8 {[%clk 1:12:34]} 30. Nf5
{[%clk 0:44:30]} Re6 {[%clk 1:12:54]} 31. Qd8+ {[%clk 0:44:54]} Re8
{[%clk 1:13:22]} 32. Qd6+ {[%clk 0:45:18]} Kg8 {[%clk 1:13:42]} 33. Nxh6+
{[%clk 0:45:42]} 1-0

[Event "XLV Open Internacional Barbera del Valles 2023"]
[Site "Barberà del Vallès"]
[Date "2023.07.07"]
[Round "4.10"]
[White "Dahale, Atul"]
[Black "Asis Gargatagli, Hipolito"]
[Result "0-1"]
[BlackElo "2530"]
[WhiteElo "2150"]
[LiveChessVersion "1.4.8"]

1. e4 {[%clk 1:01:38]} c5 2. Nf3 {[%clk 1:01:17]} d6 {[%clk 1:30:08]} 3. d4
{[%clk 0:59:57]} cxd4 {[%clk 1:30:23]} 4. Nxd4 {[%clk 1:00:12]} Nf6
{[%clk 1:30:36]} 5. Nc3 {[%clk 1:00:28]} a6 6. Be2 {[%clk 0:52:55]} e5
{[%clk 1:27:44]} 7. Nb3 {[%clk 0:53:12]} Be7 {[%clk 1:27:14]} 8. O-O
{[%clk 0:52:59]} O-O {[%clk 1:26:51]} 9. Be3 {[%clk 0:53:05]} Be6
{[%clk 1:26:56]} 10. Kh1 {[%clk 0:53:10]} Nbd7 {[%clk 1:24:15]} 11. f4
{[%clk 0:51:38]} exf4 {[%clk 1:17:37]} 12. Bxf4 {[%clk 0:49:21]} Ne5
{[%clk 1:12:08]} 13. Nd4 {[%clk 0:30:42]} Rc8 14. Nf5 {[%clk 0:31:07]} Bxf5
{[%clk 1:03:46]} 15. exf5 {[%clk 0:28:19]} Qb6 16. Rb1 {[%clk 0:25:43]} h6
{[%clk 0:59:22]} 17. Bf3 {[%clk 0:23:36]} Nxf3 {[%clk 0:49:38]} 18. Rxf3
{[%clk 0:17:15]} Qc6 {[%clk 0:48:59]} 19. Re3 {[%clk 0:17:12]} Rfe8 20. Qe2
{[%clk 0:16:13]} Bf8 {[%clk 0:45:39]} 21. h3 d5 22. Be5 {[%clk 0:11:53]} Bc5
{[%clk 0:30:54]} 23. Rg3 Rxe5 {[%clk 0:30:13]} 24. Qxe5 {[%clk 0:12:31]} Re8 25.
Qf4 {[%clk 0:12:20]} Bd6 {[%clk 0:24:40]} 26. Qf3 Bxg3 {[%clk 0:24:36]} 27. Qxg3
{[%clk 0:12:45]} d4 28. Nd1 {[%clk 0:13:02]} Qxc2 {[%clk 0:25:06]} 29. Ra1 d3 0-1